Milk Task Force: government response (Record no. 70131)

MARC details
000 -LEADER
fixed length control field 00883cam a2200193 4500
001 - CONTROL NUMBER
control field WB3816-26
008 - FIXED-LENGTH DATA ELEMENTS--GENERAL INFORMATION
fixed length control field 020430n2002 000 0 eng u
035 ## - SYSTEM CONTROL NUMBER
System control number (Sirsi) u117781
245 ## - TITLE STATEMENT
Title Milk Task Force: government response
260 ## - PUBLICATION, DISTRIBUTION, ETC.
Date of publication, distribution, etc. 2002
490 ## - SERIES STATEMENT
Series statement DEFRA News Release
Volume/sequential designation (158/02) 22 April 2002, (2)
520 ## - SUMMARY, ETC.
Summary, etc. Government has responded positively to nearly all the Milk Task Force's recommendations to improve efficiency and co-operation throughout the dairy supply chain. The Milk Task Force report was published on 3 January 2002 and is available at http://www.defra.gov.uk/farm/ag2000.htm. Government response available at http://www.defra.gov.uk/farm/mtfreport/response.htm. http://www.defra.gov.uk/news/2002/020422a.htm
590 ## - LOCAL NOTE (RLIN)
Local note WB
650 ## - SUBJECT ADDED ENTRY--TOPICAL TERM
Topical term or geographic name entry element MILK QUOTA
650 ## - SUBJECT ADDED ENTRY--TOPICAL TERM
Topical term or geographic name entry element DAIRY SECTOR
650 ## - SUBJECT ADDED ENTRY--TOPICAL TERM
Topical term or geographic name entry element DAIRY FARMS
690 ## - LOCAL SUBJECT ADDED ENTRY--TOPICAL TERM (OCLC, RLIN)
Topical term or geographic name as entry element Rural
9 (RLIN) 6268
942 ## - ADDED ENTRY ELEMENTS (KOHA)
Suppress in OPAC 0
Holdings
Withdrawn status Lost status Source of classification or shelving scheme Damaged status Not for loan Home library Current library Shelving location Date acquired Total Checkouts Full call number Barcode Date last seen Copy number Price effective from Koha item type
    Dewey Decimal Classification     London London News article 30/04/2002   WB3816-26 117781-1001 06/08/2019 1 06/08/2019 News article